00857nam a22001697a 450000500170000000800410001705000330005810000330009124501400012426000340026430000210029850000400031965001180035994200130047799900190049095201780050920250812092829.0250812b |||||||| |||| 00| 0 eng d aTHE QK 867 .K4 M64 2025bC.1 aMoenga, Mercilline Nyamokami aMacro and Micro Element Composition in Indigenous Solanum nigrum and Gynadropsis gynandra From Two Agroecological Zones of Kisii, Kenya aKisiibKisii Universityc2025 axviii, 93p.:ill. aIncludes bibliographical references a1. Solanum nigrum—Kenya. 2. Gynandropsis gynandra—Kenya. 3. Plants—Mineral content. 4. Agroecology—Kenya. 2lcccREF c216020d216020 00102lcc406THE Q K867 K4 M00064 02025708SC9372814aKSULbKSULd2025-08-12i109436l0oTHE QK 867 .K4 M64 2025p000000024326r2025-08-12 09:29:45tC.1w2025-08-12yREF